000 00314nam a2200109Ia 4500
008 200302s9999 xx 000 0 und d
100 _aLeland M. Roth and Others
245 _aUnderstanding Architecture Its elements History and Meaning
260 _bA Membr of the Pseus Books Group
260 _c2014
300 _a745
999 _c6490
_d6490